[Event "Krakow op-A"]
[Site "Krakow POL"]
[Date "2021.12.29"]
[Round "3.7"]
[White "Kyc, Jerzy"]
[Black "Golubka, Petro"]
[Result "1/2-1/2"]
[WhiteElo "2250"]
[BlackElo "2438"]
[WhiteFideId "-1"]
[BlackFideId "-1"]
[PlyCount "60"]
[GameId "2130307579863215"]
[EventDate "2021.12.27"]
[EventType "swiss"]
[EventRounds "9"]
[EventCountry "POL"]
[SourceTitle "10 Days #674"]
[Source "ChessMix"]
[SourceDate "2022.01.10"]
[SourceVersion "1"]
[SourceVersionDate "2022.01.10"]
[SourceQuality "1"]

1. e4 e5 2. Nf3 Nc6 3. Bb5 a6 4. Ba4 Nf6 5. O-O b5 6. Bb3 Be7 7. Re1 d6 8. c3 O-O 9. h3 Nb8 10. d4 Nbd7 11. Nbd2 Bb7 12. Bc2 Re8 13. Nf1 Bf8 14. Ng3 g6 15. a4 Bg7 16. dxe5 Nxe5 17. Nxe5 Rxe5 18. Bf4 Re8 19. Qd2 Nd7 20. Bg5 Bf6 21. h4 Nc5 22. axb5 axb5 23. Rxa8 Bxa8 24. e5 Bxg5 25. hxg5 Bc6 26. exd6 Rxe1+ 27. Qxe1 Qxd6 28. Qe3 Qd5 29. f3 Qd6 30. Kf2 Kf8 1/2-1/2

[Event "Krakow op-A"]
[Site "Krakow POL"]
[Date "2021.12.30"]
[Round "4.8"]
[White "Golubka, Petro"]
[Black "Chyzy, Jakub"]
[Result "1-0"]
[WhiteElo "2438"]
[BlackElo "2260"]
[WhiteFideId "-1"]
[BlackFideId "-1"]
[PlyCount "73"]
[GameId "2130307579863237"]
[EventDate "2021.12.27"]
[EventType "swiss"]
[EventRounds "9"]
[EventCountry "POL"]
[SourceTitle "10 Days #674"]
[Source "ChessMix"]
[SourceDate "2022.01.10"]
[SourceVersion "1"]
[SourceVersionDate "2022.01.10"]
[SourceQuality "1"]

1. e4 e5 2. Nf3 Nc6 3. Bc4 Nf6 4. d3 Be7 5. c3 O-O 6. O-O d6 7. Bb3 Na5 8. Bc2 c5 9. Nbd2 Nc6 10. Re1 Ne8 11. a3 a5 12. d4 cxd4 13. cxd4 exd4 14. h3 Bf6 15. Rb1 Nc7 16. Nf1 b5 17. Ng3 Na6 18. Bb3 Qb6 19. Nh5 Be5 20. Ng5 h6 21. Nxf7 Rxf7 22. f4 d3+ 23. Be3 Bd4 24. Qxd3 Bxe3+ 25. Rxe3 Nc5 26. Bxf7+ Kxf7 27. Qxd6 Bg4 28. Rc1 Nb7 29. Qd5+ Kf8 30. Kf2 Ne7 31. Qe5 Bxh5 32. Qxh5 Nd6 33. Qc5 Qd8 34. Rd1 Nxe4+ 35. Rxe4 Qxd1 36. Rxe7 Kg8 37. Qc3 1-0

[Event "Krakow op-A"]
[Site "Krakow POL"]
[Date "2021.12.31"]
[Round "5.6"]
[White "Kacprzak, Kacper"]
[Black "Golubka, Petro"]
[Result "1/2-1/2"]
[WhiteElo "2219"]
[BlackElo "2408"]
[WhiteFideId "-1"]
[BlackFideId "-1"]
[PlyCount "82"]
[GameId "2130307579867354"]
[EventDate "2021.12.27"]
[EventType "swiss"]
[EventRounds "9"]
[EventCountry "POL"]
[SourceTitle "10 Days #674"]
[Source "ChessMix"]
[SourceDate "2022.01.10"]
[SourceVersion "1"]
[SourceVersionDate "2022.01.10"]
[SourceQuality "1"]

1. e4 e6 2. d4 d5 3. Nc3 Bb4 4. e5 Qd7 5. Qg4 Bf8 6. Nf3 b6 7. Bb5 c6 8. Bd3 Ba6 9. O-O Bxd3 10. cxd3 Na6 11. a3 Ne7 12. Ne2 h6 13. h4 O-O-O 14. Ng3 g6 15. b4 Kb7 16. Bd2 Nf5 17. Rfc1 Rc8 18. Ne2 Be7 19. Qh3 c5 20. dxc5 bxc5 21. b5 Nc7 22. a4 d4 23. Qg4 Nd5 24. Qe4 g5 25. h5 Ng7 26. Ng3 Kb8 27. Nh2 f5 28. exf6 Nxf6 29. Qe5+ Qc7 30. Qe2 Bd6 31. Nhf1 Qf7 32. Re1 Rce8 33. Qf3 Rhf8 34. Qc6 Qc7 35. Qa6 Bxg3 36. Nxg3 Qb6 37. Ba5 Qxa6 38. bxa6 Ngxh5 39. Rab1+ Ka8 40. Nxh5 Nxh5 41. Bc7 Nf4 1/2-1/2

[Event "Krakow op-A"]
[Site "Krakow POL"]
[Date "2022.01.02"]
[Round "6.7"]
[White "Golubka, Petro"]
[Black "Chylewski, Patryk"]
[Result "1/2-1/2"]
[WhiteElo "2408"]
[BlackElo "2303"]
[WhiteFideId "-1"]
[BlackFideId "-1"]
[PlyCount "65"]
[GameId "2130307579867379"]
[EventDate "2021.12.27"]
[EventType "swiss"]
[EventRounds "9"]
[EventCountry "POL"]
[SourceTitle "10 Days #674"]
[Source "ChessMix"]
[SourceDate "2022.01.10"]
[SourceVersion "1"]
[SourceVersionDate "2022.01.10"]
[SourceQuality "1"]

1. e4 c5 2. a3 e6 3. d3 Nc6 4. f4 d5 5. Nf3 dxe4 6. dxe4 Qxd1+ 7. Kxd1 Nf6 8. e5 Nd5 9. c4 Nc7 10. Nc3 b6 11. Kc2 Bb7 12. Be3 Rd8 13. Rd1 Rxd1 14. Nxd1 Be7 15. Nf2 O-O 16. Bd3 Na5 17. b3 Bxf3 18. gxf3 Rd8 19. Be4 b5 20. Bd3 a6 21. Rd1 Nc6 22. Be4 Nd4+ 23. Bxd4 cxd4 24. Ra1 bxc4 25. bxc4 a5 26. f5 Na6 27. fxe6 fxe6 28. Bc6 Nc5 29. Nd3 Rb8 30. Bb5 Rf8 31. Bc6 Rb8 32. Bb5 Rf8 33. Bc6 1/2-1/2

[Event "Titled Tuesday 2021.12.21"]
[Site "Chess.com INT"]
[Date "2021.12.21"]
[Round "1"]
[White "Buscar, Michael"]
[Black "Golubka, Petro"]
[Result "0-1"]
[WhiteElo "2088"]
[BlackElo "2408"]
[WhiteFideId "-1"]
[BlackFideId "-1"]
[PlyCount "62"]
[GameId "1730387585679360"]
[EventDate "2021.12.21"]
[EventType "swiss (blitz)"]
[EventRounds "11"]
[EventCountry "NET"]
[SourceTitle "CBM 205 Extra"]
[Source "ChessBase"]
[SourceDate "2022.01.31"]
[SourceVersion "1"]
[SourceVersionDate "2022.01.31"]
[SourceQuality "1"]

1. d4 Nf6 2. c4 g6 3. Nc3 Bg7 4. e4 O-O 5. Nf3 c6 6. Be2 d6 7. O-O Bg4 8. Be3 Nbd7 9. h3 Bxf3 10. Bxf3 a6 11. a4 a5 12. g3 e5 13. Bg2 exd4 14. Bxd4 Re8 15. Re1 Qc7 16. Qc2 Nc5 17. Rad1 Nfd7 18. Bxg7 Kxg7 19. f4 Rad8 20. Kh2 h5 21. Rd2 Nf6 22. Rf2 h4 23. g4 g5 24. fxg5 Nh7 25. Ref1 Nxg5 26. Rf5 Re5 27. Qd2 Nce6 28. Ne2 d5 29. Qc3 d4 30. Nxd4 Rxd4 31. Kh1 c5 0-1

[Event "Titled Tuesday 2021.12.21"]
[Site "Chess.com INT"]
[Date "2021.12.21"]
[Round "2"]
[White "Golubka, Petro"]
[Black "Martin Carmona, Gaston Manuel"]
[Result "1-0"]
[WhiteElo "2408"]
[BlackElo "2362"]
[WhiteFideId "-1"]
[BlackFideId "-1"]
[PlyCount "71"]
[GameId "1730387586519040"]
[EventDate "2021.12.21"]
[EventType "swiss (blitz)"]
[EventRounds "11"]
[EventCountry "NET"]
[SourceTitle "CBM 205 Extra"]
[Source "ChessBase"]
[SourceDate "2022.01.31"]
[SourceVersion "1"]
[SourceVersionDate "2022.01.31"]
[SourceQuality "1"]

1. e4 c5 2. Nf3 d6 3. d4 cxd4 4. Qxd4 Nc6 5. Qe3 g6 6. Bc4 Bg7 7. Ng5 Ne5 8. Bb3 h6 9. Nf3 Nxf3+ 10. Qxf3 Nf6 11. O-O O-O 12. h3 Bd7 13. Rd1 Bc6 14. Nc3 Qa5 15. Qe3 Qh5 16. Bd2 a6 17. Be1 g5 18. f3 Qg6 19. Ne2 Nh5 20. c3 Rad8 21. g4 Nf6 22. Nd4 e6 23. Bg3 Ne8 24. Rd2 Bf6 25. Rad1 Be7 26. Kg2 Nc7 27. Nxc6 bxc6 28. Qb6 Rd7 29. Qxc6 Rfd8 30. Ba4 Nb5 31. Qxa6 Nc7 32. Qe2 Qf6 33. a3 Kg7 34. e5 Qg6 35. Bxd7 Rxd7 36. exd6 1-0

[Event "Titled Tuesday 2021.12.21"]
[Site "Chess.com INT"]
[Date "2021.12.21"]
[Round "3"]
[White "Golubka, Petro"]
[Black "Zubov, Alexander"]
[Result "0-1"]
[WhiteElo "2408"]
[BlackElo "2598"]
[WhiteFideId "-1"]
[BlackFideId "-1"]
[PlyCount "66"]
[GameId "1730387587350528"]
[EventDate "2021.12.21"]
[EventType "swiss (blitz)"]
[EventRounds "11"]
[EventCountry "NET"]
[SourceTitle "CBM 205 Extra"]
[Source "ChessBase"]
[SourceDate "2022.01.31"]
[SourceVersion "1"]
[SourceVersionDate "2022.01.31"]
[SourceQuality "1"]

1. e4 c5 2. Nf3 e6 3. c4 Nc6 4. Nc3 Nge7 5. d3 Nd4 6. Nxd4 cxd4 7. Ne2 Nc6 8. a3 a5 9. Ng3 g6 10. Be2 d6 11. O-O e5 12. Bd2 h5 13. Re1 h4 14. Nf1 a4 15. b4 axb3 16. Qxb3 Be7 17. h3 Bg5 18. Qd1 O-O 19. Bg4 Bxd2 20. Nxd2 Kg7 21. Rf1 Qg5 22. Bxc8 Rfxc8 23. Nf3 Qf6 24. Qb1 Rcb8 25. Rc1 Ra6 26. Qb5 Qd8 27. Rcb1 Ra7 28. Rb2 Rba8 29. Qb3 Qe7 30. Qb5 Nb8 31. Qd5 Na6 32. Rb6 Rd8 33. Rb5 Nc7 0-1

[Event "Titled Tuesday 2021.12.21"]
[Site "Chess.com INT"]
[Date "2021.12.21"]
[Round "4"]
[White "Weishaeutel, Moritz"]
[Black "Golubka, Petro"]
[Result "1/2-1/2"]
[WhiteElo "2371"]
[BlackElo "2408"]
[WhiteFideId "-1"]
[BlackFideId "-1"]
[PlyCount "184"]
[GameId "1730387588775936"]
[EventDate "2021.12.21"]
[EventType "swiss (blitz)"]
[EventRounds "11"]
[EventCountry "NET"]
[SourceTitle "CBM 205 Extra"]
[Source "ChessBase"]
[SourceDate "2022.01.31"]
[SourceVersion "1"]
[SourceVersionDate "2022.01.31"]
[SourceQuality "1"]

1. e4 c5 2. b4 cxb4 3. a3 b3 4. cxb3 e5 5. Nf3 Nc6 6. Bb2 d6 7. d4 exd4 8. Nxd4 Nf6 9. Nxc6 bxc6 10. Bd3 Be7 11. O-O O-O 12. e5 Nd5 13. exd6 Bxd6 14. Qh5 h6 15. g3 Re8 16. Rd1 Nf6 17. Qh4 Ng4 18. Qxd8 Rxd8 19. Be2 Be6 20. Nd2 Be5 21. Bxe5 Nxe5 22. b4 a5 23. Nf3 Rxd1+ 24. Rxd1 axb4 25. Nxe5 bxa3 26. Nxc6 a2 27. Ra1 Ra4 28. Kf1 g5 29. Ke1 Re4 30. Kd2 Kf8 31. Bd3 Ra4 32. Kc3 Ra3+ 33. Kd2 h5 34. Nd4 Bd5 35. Nb5 Ra5 36. Nc3 Be6 37. Kc2 h4 38. Kb2 hxg3 39. hxg3 Ra7 40. Nxa2 Rb7+ 41. Kc2 Rc7+ 42. Nc3 Kg7 43. Kd2 Rd7 44. Ke2 Bg4+ 45. f3 Bxf3+ 46. Ke3 Bg4 47. Ne4 Bf5 48. Ra5 Bxe4 49. Bxe4 f6 50. Ra6 Re7 51. g4 Rc7 52. Kf3 Rc3+ 53. Ke2 Rc7 54. Bf5 Re7+ 55. Kd3 Rc7 56. Ke4 Re7+ 57. Kd5 Re5+ 58. Kd6 Re3 59. Ra7+ Kf8 60. Ra8+ Kf7 61. Ra7+ Kf8 62. Bg6 Rf3 63. Rf7+ Kg8 64. Re7 Kf8 65. Rh7 Re3 66. Rf7+ Kg8 67. Rxf6 Kg7 68. Re6 Rxe6+ 69. Kxe6 Kxg6 70. Ke5 Kg7 71. Kf5 Kf7 72. Kxg5 Kg7 73. Kf5 Kf7 74. Kf4 Kf6 75. Kf3 Kg5 76. Kg3 Kg6 77. Kf4 Kf6 78. g5+ Kg6 79. Kg4 Kg7 80. Kf5 Kf7 81. Ke5 Kg6 82. Kf4 Kf7 83. Kf5 Kg7 84. g6 Kg8 85. Kg5 Kg7 86. Kh5 Kg8 87. Kh6 Kh8 88. Kg5 Kg7 89. Kf5 Kg8 90. Kf6 Kf8 91. Ke6 Kg7 92. Ke5 Kxg6 1/2-1/2

[Event "Titled Tuesday 2021.12.21"]
[Site "Chess.com INT"]
[Date "2021.12.21"]
[Round "6"]
[White "Golubka, Petro"]
[Black "Shtyka, Sergey"]
[Result "1-0"]
[WhiteElo "2408"]
[BlackElo "2154"]
[WhiteFideId "-1"]
[BlackFideId "-1"]
[PlyCount "111"]
[GameId "1730387589902336"]
[EventDate "2021.12.21"]
[EventType "swiss (blitz)"]
[EventRounds "11"]
[EventCountry "NET"]
[SourceTitle "CBM 205 Extra"]
[Source "ChessBase"]
[SourceDate "2022.01.31"]
[SourceVersion "1"]
[SourceVersionDate "2022.01.31"]
[SourceQuality "1"]

1. e4 c5 2. Nf3 d6 3. d4 cxd4 4. Qxd4 Nc6 5. Qe3 Nf6 6. Bc4 e6 7. O-O Be7 8. Rd1 Qa5 9. Nc3 O-O 10. Bb3 Qh5 11. h3 Ne5 12. Nh2 d5 13. exd5 Nxd5 14. Bxd5 exd5 15. Rxd5 f6 16. Qe2 Qxe2 17. Nxe2 Be6 18. Rd1 Rac8 19. Bf4 Rxc2 20. Nd4 Rc6 21. Bxe5 fxe5 22. Nxc6 bxc6 23. Ng4 Bc5 24. Rd2 Bd4 25. Re1 Bxg4 26. hxg4 Rb8 27. Ree2 c5 28. Rc2 Kf7 29. g3 Ke6 30. Kg2 Kd5 31. b3 a5 32. Rc4 h6 33. f3 Rf8 34. Ra4 Ra8 35. Rc2 Ra7 36. Rac4 Ra6 37. Re2 Ra7 38. Kf1 Ra6 39. Rd2 Rf6 40. Ke2 Ra6 41. Kd1 Rf6 42. Rd3 e4 43. fxe4+ Kxe4 44. Rd2 Rf1+ 45. Kc2 Rf3 46. Re2+ Kd5 47. Rg2 Rf7 48. Ra4 Ra7 49. Re2 Kd6 50. Kd3 Kd5 51. Re8 Rf7 52. Rd8+ Ke5 53. Kc4 Rf3 54. Rg8 Ke4 55. Re8+ Be5 56. Kxc5+ 1-0

[Event "Titled Tuesday 2021.12.21"]
[Site "Chess.com INT"]
[Date "2021.12.21"]
[Round "7"]
[White "Timofeev, Artyom"]
[Black "Golubka, Petro"]
[Result "0-1"]
[WhiteElo "2572"]
[BlackElo "2408"]
[WhiteFideId "-1"]
[BlackFideId "-1"]
[PlyCount "82"]
[GameId "1730387590569984"]
[EventDate "2021.12.21"]
[EventType "swiss (blitz)"]
[EventRounds "11"]
[EventCountry "NET"]
[SourceTitle "CBM 205 Extra"]
[Source "ChessBase"]
[SourceDate "2022.01.31"]
[SourceVersion "1"]
[SourceVersionDate "2022.01.31"]
[SourceQuality "1"]

1. c4 e6 2. b3 d5 3. Bb2 c5 4. cxd5 exd5 5. d4 Nc6 6. Nf3 cxd4 7. Nxd4 Bb4+ 8. Bc3 Qa5 9. Qd2 Bxc3 10. Nxc3 Nf6 11. Nxc6 bxc6 12. e3 O-O 13. Be2 Bg4 14. Bxg4 Nxg4 15. O-O Qc7 16. g3 Ne5 17. Kg2 Rfd8 18. Rfd1 a5 19. Rac1 Qe7 20. Qd4 Qe6 21. Na4 h5 22. h3 g6 23. Nc5 Qe7 24. Rc3 Rab8 25. a3 Rb5 26. Rdc1 Rdb8 27. e4 Rd8 28. f4 Nd7 29. Nxd7 Qxd7 30. e5 c5 31. Rxc5 Rxb3 32. Rxa5 Qb7 33. Rc2 Rc8 34. Rxc8+ Qxc8 35. Rxd5 Qc2+ 36. Qd2 Qe4+ 37. Kh2 Rxa3 38. Qg2 Qe3 39. Rd8+ Kh7 40. e6 h4 41. exf7 hxg3+ 0-1

[Event "Titled Tuesday 2021.12.21"]
[Site "Chess.com INT"]
[Date "2021.12.21"]
[Round "8"]
[White "Ibarra Jerez, Jose Carlos"]
[Black "Golubka, Petro"]
[Result "0-1"]
[WhiteElo "2567"]
[BlackElo "2408"]
[WhiteFideId "-1"]
[BlackFideId "-1"]
[PlyCount "194"]
[GameId "1730387591409664"]
[EventDate "2021.12.21"]
[EventType "swiss (blitz)"]
[EventRounds "11"]
[EventCountry "NET"]
[SourceTitle "CBM 205 Extra"]
[Source "ChessBase"]
[SourceDate "2022.01.31"]
[SourceVersion "1"]
[SourceVersionDate "2022.01.31"]
[SourceQuality "1"]

1. d4 Nf6 2. Bf4 g6 3. Nc3 d5 4. Qd2 Bg7 5. Bh6 O-O 6. h4 c5 7. Bxg7 Kxg7 8. h5 cxd4 9. Qxd4 Nc6 10. Qh4 d4 11. O-O-O Qa5 12. hxg6 fxg6 13. Qh6+ Kf7 14. Nb1 Bf5 15. e4 Bxe4 16. Nh3 Ke8 17. Bc4 Bxg2 18. Rhg1 Ng4 19. Qxh7 Bxh3 20. Qxg6+ Kd8 21. Rxg4 Bxg4 22. Qxg4 Kc7 23. Nd2 Qe5 24. Kb1 Rxf2 25. Nb3 Qf4 26. Qe6 Rd8 27. a3 Rd6 28. Qg8 Qf8 29. Qg4 Qf3 30. Qg1 b6 31. Bd3 Qf4 32. Nd2 Rxd2 33. Rf1 Qe3 34. Qh1 Rxd3 35. cxd3 Qxd3+ 36. Ka1 Qc4 37. Rc1 Qd5 38. Qh7 d3 39. Qxe7+ Rd7 40. Qe3 d2 41. Rd1 Kb7 42. Kb1 a6 43. Ka1 Nd4 44. Rxd2 a5 45. Rf2 Nb3+ 46. Kb1 a4 47. Rf1 Qc6 48. Rg1 Rc7 49. Ka2 Qd5 50. Qg3 Nd2+ 51. Ka1 Ka6 52. Qf2 Nb3+ 53. Kb1 Rc5 54. Qe2+ Qc4 55. Qxc4+ Rxc4 56. Ka2 Rc1 57. Rh1 Rc2 58. Rd1 Rc4 59. Rg1 b5 60. Rh1 Ka5 61. Rh8 Nc5 62. Ra8+ Kb6 63. Rb8+ Nb7 64. Rh8 Rc6 65. Rh5 Nd6 66. Rd5 Nc4 67. Rh5 Rd6 68. Ka1 Rd1+ 69. Ka2 Rd2 70. Ka1 Nxb2 71. Rh6+ Ka5 72. Rh8 Nc4 73. Ra8+ Kb6 74. Rh8 Kb7 75. Rh6 Nb6 76. Rh5 Rd5 77. Rh4 Ka6 78. Rh8 Nc4 79. Rh3 Ka5 80. Rg3 Rc5 81. Rc3 Re5 82. Rh3 Re1+ 83. Ka2 Re2+ 84. Ka1 Re3 85. Rh8 Rxa3+ 86. Kb1 Rb3+ 87. Ka2 Kb4 88. Rh5 Ra3+ 89. Kb1 Rb3+ 90. Ka2 Re3 91. Ka1 Re1+ 92. Ka2 Re2+ 93. Ka1 a3 94. Rh3 Ka4 95. Rh8 b4 96. Rh4 Re1+ 97. Ka2 b3# 0-1

[Event "Titled Tuesday 2021.12.21"]
[Site "Chess.com INT"]
[Date "2021.12.21"]
[Round "9"]
[White "Golubka, Petro"]
[Black "Rasulov, Vugar Ural Oglu"]
[Result "0-1"]
[WhiteElo "2408"]
[BlackElo "2453"]
[WhiteFideId "-1"]
[BlackFideId "-1"]
[PlyCount "72"]
[GameId "1730387591643136"]
[EventDate "2021.12.21"]
[EventType "swiss (blitz)"]
[EventRounds "11"]
[EventCountry "NET"]
[SourceTitle "CBM 205 Extra"]
[Source "ChessBase"]
[SourceDate "2022.01.31"]
[SourceVersion "1"]
[SourceVersionDate "2022.01.31"]
[SourceQuality "1"]

1. e4 c5 2. Nf3 d6 3. d4 cxd4 4. Qxd4 a6 5. Bc4 Nc6 6. Qe3 Nf6 7. O-O Bg4 8. Nbd2 e6 9. h3 Bh5 10. Bb3 Be7 11. Re1 O-O 12. Nf1 d5 13. exd5 Nxd5 14. Qe4 Nf6 15. Qe3 Nb4 16. a3 Nbd5 17. Qd3 Rc8 18. Ng3 Bg6 19. Qe2 Qc7 20. c3 Nf4 21. Bxf4 Qxf4 22. Ne5 Bc5 23. Nxg6 hxg6 24. Nh1 Rfd8 25. Rad1 g5 26. g3 Qf5 27. Kg2 g4 28. hxg4 Nxg4 29. Qf3 Qh5 30. Re4 Qh2+ 31. Kf1 Qh3+ 32. Ke2 Rxd1 33. Bxd1 Nh2 34. Qd3 Bb6 35. Rh4 Qf1+ 36. Kd2 Rd8 0-1

[Event "Titled Tuesday 2021.12.21"]
[Site "Chess.com INT"]
[Date "2021.12.21"]
[Round "10"]
[White "Golubka, Petro"]
[Black "Kamsky, Gata"]
[Result "0-1"]
[WhiteElo "2408"]
[BlackElo "2657"]
[WhiteFideId "-1"]
[BlackFideId "-1"]
[PlyCount "90"]
[GameId "1730387592036352"]
[EventDate "2021.12.21"]
[EventType "swiss (blitz)"]
[EventRounds "11"]
[EventCountry "NET"]
[SourceTitle "CBM 205 Extra"]
[Source "ChessBase"]
[SourceDate "2022.01.31"]
[SourceVersion "1"]
[SourceVersionDate "2022.01.31"]
[SourceQuality "1"]

1. e4 e5 2. Nf3 Nc6 3. Bb5 Nf6 4. O-O Nxe4 5. d4 Nd6 6. Bxc6 dxc6 7. dxe5 Nf5 8. Qxd8+ Kxd8 9. Nc3 Ke8 10. h3 h5 11. b3 a5 12. Bb2 Be7 13. a4 Be6 14. Ne4 Rd8 15. Rfe1 Bb4 16. Re2 h4 17. Nfg5 Be7 18. Rae1 c5 19. Nf6+ gxf6 20. exf6 Bd6 21. Rxe6+ fxe6 22. f7+ Kd7 23. Bxh8 Rxh8 24. Rxe6 Be7 25. Re5 Bxg5 26. Rxf5 Be7 27. g4 hxg3 28. fxg3 Ke6 29. Rf3 Rf8 30. g4 Rxf7 31. Rxf7 Kxf7 32. Kf2 Bh4+ 33. Kf3 Kf6 34. Ke4 c6 35. c4 Bg3 36. Kf3 Bh4 37. Kf4 b6 38. Ke4 Bg5 39. Kf3 Ke5 40. Kg3 Ke4 41. h4 Bf4+ 42. Kh3 Be5 43. g5 Kf5 44. Kg2 Kg4 45. Kf2 Kxh4 0-1

[Event "Titled Tuesday 2021.12.21"]
[Site "Chess.com INT"]
[Date "2021.12.21"]
[Round "11"]
[White "Al Hosani, Omran"]
[Black "Golubka, Petro"]
[Result "0-1"]
[WhiteElo "2202"]
[BlackElo "2408"]
[WhiteFideId "-1"]
[BlackFideId "-1"]
[PlyCount "104"]
[GameId "1730387594289152"]
[EventDate "2021.12.21"]
[EventType "swiss (blitz)"]
[EventRounds "11"]
[EventCountry "NET"]
[SourceTitle "CBM 205 Extra"]
[Source "ChessBase"]
[SourceDate "2022.01.31"]
[SourceVersion "1"]
[SourceVersionDate "2022.01.31"]
[SourceQuality "1"]

1. e4 c5 2. Nf3 d6 3. d4 cxd4 4. Nxd4 Nf6 5. Nc3 a6 6. Rg1 h5 7. f3 e5 8. Nb3 Be6 9. Be3 Nbd7 10. Qd2 Rc8 11. O-O-O b5 12. Kb1 Nb6 13. Nd5 Nbxd5 14. exd5 Nxd5 15. Bg5 Be7 16. h4 Bxg5 17. hxg5 h4 18. Rh1 Ke7 19. Re1 Nf4 20. Nd4 Qb6 21. Nb3 g6 22. Bd3 b4 23. Re4 Nxd3 24. cxd3 a5 25. Nc1 h3 26. gxh3 Bxh3 27. f4 Bf5 28. Rxh8 Rxh8 29. Re1 Qd4 30. fxe5 dxe5 31. Ka1 Rh3 32. Qg2 Kf8 33. Rf1 Qe3 34. Qa8+ Kg7 35. Qxa5 Qxg5 36. Qxe5+ Qf6 37. Qc7 Qd4 38. Nb3 Qxd3 39. Qe5+ Kh7 40. Rc1 Qd8 41. Qc5 Rxb3 42. Qc4 Rd3 43. Qxb4 Rd1 44. Qc3 Rxc1+ 45. Qxc1 Qd3 46. Qh1+ Kg7 47. a4 g5 48. a5 g4 49. a6 g3 50. Qb7 Be4 51. Qb6 Qd1+ 52. Ka2 Qa4# 0-1

[Event "Titled Tuesday 2021.12.21"]
[Site "chess.com INT"]
[Date "2021.12.21"]
[Round "5"]
[White "Levitskiy, Andrey"]
[Black "Golubka, Petro"]
[Result "0-1"]
[WhiteElo "2329"]
[BlackElo "2408"]
[WhiteFideId "-1"]
[BlackFideId "-1"]
[PlyCount "102"]
[GameId "2130307580076139"]
[EventDate "2021.12.21"]
[EventType "swiss (blitz)"]
[EventRounds "11"]
[EventCountry "NET"]
[SourceTitle "The Week in Chess 1416"]
[Source "Mark Crowther"]
[SourceDate "2021.12.27"]
[SourceVersion "1"]
[SourceVersionDate "2021.12.27"]
[SourceQuality "2"]

1. e4 c5 2. Nf3 d6 3. d4 cxd4 4. Nxd4 Nf6 5. Nc3 a6 6. h3 h5 7. Be2 e6 8. O-O Be7 9. Be3 Qc7 10. a4 Nc6 11. Nb3 b6 12. f4 g6 13. Bf3 Rb8 14. Qe2 Kf8 15. Rad1 h4 16. Qf2 Nh5 17. Nd4 Ng3 18. Rfe1 Nb4 19. e5 d5 20. Nce2 Ne4 21. Bxe4 dxe4 22. Nc3 Bb7 23. Nb3 Bc6 24. Rd2 Rh5 25. Red1 Kg7 26. Nd4 Ba8 27. Kh1 Qc8 28. Nb3 Bd5 29. Nd4 Rb7 30. Nxd5 Nxd5 31. c3 b5 32. a5 b4 33. cxb4 Rxb4 34. Rc2 Rc4 35. Rxc4 Qxc4 36. Nc2 Qa4 37. Rd4 Qxa5 38. Kh2 Rf5 39. Rxe4 Qa2 40. Nd4 Rh5 41. Bc1 Bc5 42. Be3 Bxd4 43. Bxd4 Qc4 44. Re2 Nxf4 45. Qxf4 Qxe2 46. Qf6+ Kg8 47. Qd8+ Kh7 48. Qf8 Rf5 49. Qe7 Qe4 50. Bf2 Rxf2 51. Kg1 Qxg2# 0-1

[Event "Titled Tuesday 2021.12.14"]
[Site "Chess.com INT"]
[Date "2021.12.14"]
[Round "1"]
[White "Gulatz, Maurice"]
[Black "Golubka, Petro"]
[Result "1-0"]
[WhiteElo "2213"]
[BlackElo "2408"]
[WhiteFideId "-1"]
[BlackFideId "-1"]
[PlyCount "79"]
[GameId "1727872778461184"]
[EventDate "2021.12.14"]
[EventType "swiss (blitz)"]
[EventRounds "11"]
[EventCountry "NET"]
[SourceTitle "EXT 2023"]
[Source "ChessBase"]
[SourceDate "2022.10.05"]
[SourceVersion "1"]
[SourceVersionDate "2022.10.05"]
[SourceQuality "1"]

1. d4 d5 2. c4 e6 3. Nf3 Be7 4. g3 Nf6 5. Bg2 O-O 6. O-O c6 7. Nbd2 Nbd7 8. Qc2 b6 9. e4 Bb7 10. e5 Ne8 11. cxd5 cxd5 12. Re1 Rc8 13. Qa4 a6 14. Bf1 Nc7 15. Bd3 Re8 16. h4 Nf8 17. Nf1 Qd7 18. Qd1 Bc6 19. a4 b5 20. b3 h6 21. N1h2 a5 22. h5 bxa4 23. bxa4 Rb8 24. Ng4 Rb4 25. Bxh6 gxh6 26. Nxh6+ Kg7 27. Ng4 Nh7 28. Qd2 Rh8 29. Qh6+ Kg8 30. Nf6+ Nxf6 31. Qg5+ Kf8 32. exf6 Bxf6 33. Qxf6 Rxh5 34. Ne5 Rxe5 35. Qxe5 Ne8 36. Kg2 Bxa4 37. Rh1 Ke7 38. Rh7 Qd6 39. Qg5+ Kf8 40. Rh8# 1-0

[Event "Titled Tuesday 2021.12.14"]
[Site "Chess.com INT"]
[Date "2021.12.14"]
[Round "2"]
[White "Golubka, Petro"]
[Black "Klimciauskas, Domantas"]
[Result "1-0"]
[WhiteElo "2408"]
[BlackElo "2150"]
[WhiteFideId "-1"]
[BlackFideId "-1"]
[PlyCount "43"]
[GameId "1727872779247616"]
[EventDate "2021.12.14"]
[EventType "swiss (blitz)"]
[EventRounds "11"]
[EventCountry "NET"]
[SourceTitle "EXT 2023"]
[Source "ChessBase"]
[SourceDate "2022.10.05"]
[SourceVersion "1"]
[SourceVersionDate "2022.10.05"]
[SourceQuality "1"]

1. e4 g6 2. d4 Bg7 3. h4 d5 4. e5 h5 5. c4 dxc4 6. Bxc4 c5 7. Nf3 cxd4 8. Ng5 e6 9. f4 Nh6 10. Nd2 O-O 11. Nde4 Nf5 12. g4 Ne3 13. Bxe3 dxe3 14. gxh5 Qxd1+ 15. Rxd1 gxh5 16. Rg1 Bd7 17. Ke2 Bc6 18. Nf6+ Kh8 19. Nxf7+ Rxf7 20. Rd8+ Rf8 21. Rxf8+ Bxf8 22. Rg8# 1-0

[Event "Titled Tuesday 2021.12.14"]
[Site "Chess.com INT"]
[Date "2021.12.14"]
[Round "4"]
[White "Tagelsir, Abubaker"]
[Black "Golubka, Petro"]
[Result "1-0"]
[WhiteElo "2210"]
[BlackElo "2408"]
[WhiteFideId "-1"]
[BlackFideId "-1"]
[PlyCount "33"]
[GameId "1727872781365248"]
[EventDate "2021.12.14"]
[EventType "swiss (blitz)"]
[EventRounds "11"]
[EventCountry "NET"]
[SourceTitle "EXT 2023"]
[Source "ChessBase"]
[SourceDate "2022.10.05"]
[SourceVersion "1"]
[SourceVersionDate "2022.10.05"]
[SourceQuality "1"]

1. e4 c5 2. Nc3 d6 3. f4 a6 4. Nf3 b5 5. g3 Bb7 6. d3 e6 7. Bg2 Be7 8. O-O Nf6 9. h3 h5 10. Ne2 Nbd7 11. a4 O-O 12. c3 c4 13. dxc4 bxc4 14. Ng5 Nc5 15. Qc2 Nfd7 16. e5 Bxg2 17. Qh7# 1-0